country flags with hints - Statistics

General Stats
  • This quiz has been taken 43 times
  • The average score is 11 of 15
Answer Stats
Hint Answer Continent % Correct
Red on the top white on the bottom Indonesia Asia
97%
Red background with 5 yellow stars on the top China Asia
92%
Two red stripes on the sides with a maple leaf in the center Canada North America
87%
White background with a red circle Japan Asia
87%
Weird shaped flag with symbols and a blue outline and a red inside Nepal Asia
87%
Red on the top white on the bottom Monaco Europe
84%
Green background with a red circle Bangladesh Asia
82%
Orange on the top green on the bottom blue circle in the middle India Asia
82%
Two light blue stripes on the top and bottom with a yellow sun with a face in the center Argentina South America
74%
White background with blue stripes on the top and bottom with a blue Star of David in the middle Israel Asia
74%
Blue background with a yellow circle Palau Oceania
74%
Green sideways triangle with red black and white stripes Sudan Africa
58%
Union Jack in the corner and yellow stars behind a light blue backround Tuvalu Oceania
55%
White background with green plants surrounding the country shape Cyprus Europe or asia
50%
Black white and red stripes with a yellow bird in the center Egypt Africa
39%
No matching quizzes found
Score Distribution
Percent of People with Each Score
Percentile by Number Answered
Your Score History
You have not taken this quiz